00326nam a2200133Ia 4500008004100000020001500041041001200056082001100068100001600079245004100095260003300136300000800169650001500177221030s9999 xx 000 0 und d a8174462414 aEnglish a105.23 aA. Banerjee 0aFinancial Accountingcby A. Banerjee bExcel BooksaNew Delhic2003 a528 aManagement